000 00325nam a2200121 a 4500
005 20140414132115.0
008 110824s19uu xx 00 eng d
050 _aER
_bJ12 1997
100 _aJackson, Alison
245 _aI know an old lady who swallowed a pie.
260 _aNew York :
_bScholastic,
_c1997.
999 _c114875
_d114875